| 000 | 00684nmc a2200253 a 4500 | ||
|---|---|---|---|
| 003 | AR-BaBNM | ||
| 005 | 20251128203236.0 | ||
| 008 | 037019s1989 ||||||||||||||000 | spa|| | ||
| 020 | _a950-017-007-8 | ||
| 040 | _cAR-BaBNM | ||
| 100 | 1 |
_aJauretche, Arturo _d1901-1973 |
|
| 245 | 1 | 0 | _aPolítica nacional y revisionismo histórico |
| 260 |
_aBuenos Aires _bPeña Lillo _c1989 |
||
| 300 | 0 | _a169 p. | |
| 490 | 0 |
_aEnsayo americano _vv. 3 |
|
| 650 | 4 | _aIDEOLOGIAS | |
| 650 | 4 | _aHISTORIA POLITICA | |
| 650 | 4 | _aCIENCIAS POLITICAS | |
| 650 | 4 | _aHISTORIOGRAFIA ARGENTINA | |
| 650 | 4 | _aHISTORIADORES | |
| 700 | 1 |
_aD´Atri, Norberto _ecolaborador |
|
| 942 | _cBK | ||
| 998 | _cmariana | ||
| 999 |
_c2543 _d2543 |
||